| 000 | 00501cam a2200181 4500 | ||
|---|---|---|---|
| 001 | BFIL006868 | ||
| 008 | 1941 spa | ||
| 035 | _aBFIL006868 | ||
| 050 | 4 |
_aPQ7797 _bF47 1941 |
|
| 100 | 1 | _aFernando Moreno, Cesar | |
| 245 | 0 |
_aAntologia 1915-1940 / _c[Cesar] Fernandez Moreno. |
|
| 260 |
_aBuenos Aires : _bEspasa-Calpe, _c1941 |
||
| 300 |
_a310 p. ; _c18 cm. |
||
| 440 | 0 | _aAustral ; 204 | |
| 500 | _a1 ejemplar | ||
| 650 | 4 | _aLiteratura Argentina | |
| 942 |
_2lcc _cLIB |
||
| 999 |
_c122370 _d122370 |
||